000 00732nam a2200229 a 4500
005 20210219153307.0
008 991125n 000 0 u
035 _aUPN01000089140
100 _aBalan, Jorge
222 _aEUROPEAN JOURNAL OF EDUCATION :
_bRESEARCH, DEVELOPMENT AND POLICIES
245 _aA new phase for co-operative research and higher education efforts between Europe and Latin America
300 _a35-47
362 _a28, No. 1, 1993
505 _aNoviembre 1993
653 0 _aCAMBIO EDUCACIONAL INTERNACIONAL
653 0 _aCAMBIO EDUCATIVO
653 0 _aCOOPERACION INTERNACIONAL
653 0 _aEDUCACION CIENTIFICA
653 0 _aPROGRESO TECNOLOGICO
904 _aAC
_b026951
905 _aArticulo
999 _c73328
_d73328